Adverbios I: CCLugar - Estadísticas

Estadísticas generales
  • Esta prueba ha sido intentada 3 veces
  • La puntuación promedio es 8 de 14
Estadísticas de respuestas
Hint Respuesta % Correcto
ἔνθα Allí / Aquí
100%
ἐνθάδε Aquí / Allí
100%
κάτω Abajo
67%
ἐνταῦθα Ahí / Allí
67%
ἄνω Arriba
67%
ἐγγύς Cerca
67%
ἔνδον Dentro
67%
ἔξω Fuera
67%
τηλοῦ Lejos
67%
ἐκεῖ Allí
33%
ὀπίσω Atrás
33%
ἐμπρόσθεν Delante
33%
ὀπίσθεν Detrás
33%
πόρρω Adelante
0%
No se encontraron pruebas coincidentes
Distribución de puntuación
Porcentaje de gente con cada puntuación
Porcentaje por número respondido
Historial de tus puntuaciones
No has intentado esta prueba.